[Event "POL-ch rapid"]
[Site "Trzcianka"]
[Date "2014.04.13"]
[Round "4"]
[White "Jaracz, Pawel"]
[Black "Fridman, Daniel"]
[Result "1-0"]
[WhiteElo "2496"]
[BlackElo "2616"]
[PlyCount "125"]
[EventDate "2014.04.13"]
[EventType "swiss (rapid)"]
[EventRounds "9"]
[EventCountry "POL"]
[SourceTitle "CBM 159 Extra"]
[Source "ChessBase"]
[SourceDate "2014.04.24"]
[SourceVersion "1"]
[SourceVersionDate "2014.04.24"]
[SourceQuality "1"]

1. e4 e6 2. d4 d5 3. Nd2 c5 4. exd5 Qxd5 5. Ngf3 cxd4 6. Bc4 Qd7 7. Qe2 Nc6 8.
Nb3 a6 9. Bf4 Bb4+ 10. Nbd2 Nf6 11. O-O-O b5 12. Bd3 Nd5 13. Bg3 Bd6 14. Nb3
Nf4 15. Bxf4 Bxf4+ 16. Kb1 Qc7 17. Be4 O-O 18. Nbxd4 Nxd4 19. Rxd4 Rb8 20.
Bxh7+ Kxh7 21. Qe4+ Kg8 22. Qxf4 Qxf4 23. Rxf4 Rd8 24. Rd4 Rxd4 25. Nxd4 Bb7
26. f3 e5 27. Nf5 e4 28. f4 g6 29. Ne3 Kg7 30. h4 Kf6 31. Rd1 Ke6 32. g4 Rh8
33. Rh1 f6 34. h5 f5 35. gxf5+ gxf5 36. h6 Rh7 37. Rh5 Bc6 38. Nxf5 Kf6 39. Ne3
Kg6 40. Rg5+ Kf7 41. Ng4 e3 42. Kc1 Kf8 43. Rf5+ Ke7 44. Re5+ Kd6 45. Nxe3 Bd7
46. Rh5 Ke7 47. Nd5+ Kf7 48. f5 Bc6 49. Ne3 Bf3 50. Rh3 Be4 51. Rh4 Bf3 52. Kd2
Kf6 53. Rf4 Bb7 54. Rd4 Ke5 55. Kd3 Bf3 56. Rh4 Kf6 57. Rh3 Bb7 58. Kd4 Bc8 59.
Kc5 Kg5 60. Kb6 Kf6 61. Rh5 Rb7+ 62. Kxa6 Re7+ 63. Ka5 1-0

[Event "Hastings 8990"]
[Site "Hastings"]
[Date "1989.12.??"]
[Round "2"]
[White "Dolmatov, Sergey"]
[Black "Speelman, Jonathan S"]
[Result "1-0"]
[WhiteElo "2615"]
[BlackElo "2615"]
[PlyCount "135"]
[EventDate "1989.12.??"]
[EventType "tourn"]
[EventRounds "14"]
[EventCountry "ENG"]
[EventCategory "14"]
[SourceTitle "TD"]
[Source "ChessBase"]
[SourceDate "1994.03.01"]
[SourceVersion "1"]
[SourceVersionDate "1994.03.01"]
[SourceQuality "1"]

1. e4 c6 2. d4 d5 3. exd5 cxd5 4. c4 Nf6 5. Nc3 e6 6. Nf3 Bb4 7. Bd3 dxc4 8.
Bxc4 O-O 9. O-O Nbd7 10. Bg5 Bxc3 11. bxc3 Qc7 12. Bd3 Qxc3 13. Rc1 Qa5 14. Ne5
Nxe5 15. Rc5 Qa3 16. dxe5 Qxc5 17. Bxf6 Re8 18. Bxh7+ Kxh7 19. Qh5+ Kg8 20. Qg5
Qf8 21. Rd1 b6 22. Rd4 Ba6 23. Rg4 Be2 24. Bxg7 Bxg4 25. Bxf8+ Kxf8 26. Qxg4
Rac8 27. h4 Ke7 28. Qg5+ Kd7 29. Qf4 a5 30. Qxf7+ Kc6 31. Qf3+ Kc5 32. Qe3+ Kc6
33. Qf3+ Kc5 34. Qa3+ Kc4 35. Qb3+ Kc5 36. a4 Rb8 37. Qc3+ Kd5 38. f4 Ke4 39.
Qf3+ Kd4 40. Qc6 Ke3 41. Qc1+ Ke2 42. h5 Rec8 43. Qf1+ Kd2 44. Qb5 Ke3 45. g3
Kd4 46. Kg2 Kc3 47. h6 Rh8 48. Qd7 b5 49. axb5 a4 50. b6 a3 51. Qa4 Kb2 52.
Qb4+ Ka2 53. h7 Rbc8 54. b7 Rc2+ 55. Kf3 Rb2 56. Qc4+ Rb3+ 57. Kg4 Kb2 58. Qc8
Rxh7 59. b8=Q Rg7+ 60. Kh5 Rgxg3 61. Qd6 Rh3+ 62. Kg6 Rbg3+ 63. Kf7 Rh7+ 64.
Kxe6 Rh6+ 65. Kf5 Rxd6 66. exd6 a2 67. d7 a1=Q 68. Qb7+ 1-0

[Event "ENG-ch m"]
[Site "England"]
[Date "1991.??.??"]
[Round "2"]
[White "Short, Nigel D"]
[Black "Adams, Michael"]
[Result "1-0"]
[WhiteElo "2660"]
[BlackElo "2615"]
[PlyCount "73"]
[EventDate "1991.12.??"]
[EventType "k.o."]
[EventRounds "3"]
[EventCountry "ENG"]
[SourceTitle "CBM 028"]
[Source "ChessBase"]
[SourceDate "1992.06.01"]
[SourceVersion "1"]
[SourceVersionDate "1992.06.01"]
[SourceQuality "1"]

1. e4 e5 2. Nf3 Nc6 3. Nc3 Nf6 4. Bb5 Bc5 5. O-O O-O 6. Nxe5 Nxe5 7. d4 Bd6 8.
f4 Nc6 9. e5 a6 10. Be2 Bb4 11. d5 Bc5+ 12. Kh1 Nxd5 13. Nxd5 d6 14. Bd3 dxe5
15. fxe5 Nxe5 16. Bxh7+ Kxh7 17. Qh5+ Kg8 18. Qxe5 Bd6 19. Qh5 f6 20. Bf4 Be6
21. Rad1 Bf7 22. Qf3 Bxf4 23. Nxf4 Qc8 24. Nd5 Bxd5 25. Qxd5+ Rf7 26. Rd3 c6
27. Qh5 Re7 28. Rh3 Qf8 29. Qh7+ Kf7 30. Rg3 Ke8 31. Rd1 g5 32. Qh5+ Qf7 33.
Qh8+ Qf8 34. Qh5+ Qf7 35. Qh8+ Qf8 36. Rh3 Rg7 37. Re3+ 1-0

[Event "RUS-chT"]
[Site "Kazan"]
[Date "1995.??.??"]
[Round "6"]
[White "Zakharevich, Igor"]
[Black "Dolmatov, Sergey"]
[Result "1-0"]
[WhiteElo "2430"]
[BlackElo "2615"]
[Annotator "Dolmatov,S"]
[PlyCount "61"]
[EventDate "1995.??.??"]
[EventType "team"]
[EventRounds "9"]
[EventCountry "RUS"]
[SourceTitle "CBM 051"]
[Source "ChessBase"]
[SourceDate "1996.04.01"]
[SourceVersion "1"]
[SourceVersionDate "1996.04.01"]
[SourceQuality "1"]

1. d4 Nf6 2. c4 g6 3. Nc3 Bg7 4. e4 d6 5. Be2 O-O 6. Bg5 Na6 7. h4 c5 (7... e5
8. d5 h6 9. Be3 c6 10. Qd2 cxd5 11. cxd5 $14) 8. d5 Nc7 (8... e6 9. dxe6 Bxe6
10. Nf3 $14) 9. Qd2 e6 10. e5 (10. dxe6 $2 Nxe6 $15) 10... dxe5 11. d6 Nce8 12.
Rd1 (12. O-O-O Qd7 13. h5 b5 14. cxb5 Bb7 15. Bh6 Qxd6 $132 {Bareev,E-Polgar,J/
Hastings/1992/0:1/45/}) 12... Qd7 13. h5 {N/} (13. Qe3 b6 14. Nf3 Nh5 $13 {
Bareev,E-Nunn,J/Hastings/1992/0:1/46/}) 13... b5 (13... b6) 14. cxb5 Bb7 15.
Bh6 Bxg2 $1 16. Rh2 Bd5 17. Bxg7 Kxg7 $2 (17... Nxg7 $5 18. Qg5 Nfxh5 19. Bxh5
f6 20. Qg3 gxh5 $15) 18. Nf3 Qxd6 19. hxg6 (19. Qg5 $2 h6 $17) 19... fxg6 20.
Qg5 $1 $44 Kg8 21. Nxe5 Rb8 22. Rd3 Rb7 23. Rdh3 $2 (23. f4 $5 $44) 23... Rg7
$4 (23... Ne4 $1 24. Nxe4 Bxe4 $17) 24. Bd3 $18 Nh5 25. Rxh5 $1 gxh5 26. Bxh7+
Kh8 (26... Kxh7 27. Qxh5+ Kg8 28. Qh8#) 27. Ng6+ Kxh7 28. Rxh5+ Kg8 29. Rh8+
Kf7 30. Rxf8+ Qxf8 31. Qf4+ 1-0

[Event "PRO League Pacific"]
[Site "chess.com INT"]
[Date "2017.01.18"]
[Round "2"]
[White "Arribas Lopez, Angel"]
[Black "Dragun, Kamil"]
[Result "1-0"]
[WhiteElo "2511"]
[BlackElo "2614"]
[PlyCount "83"]
[EventDate "2017.01.11"]
[EventType "team-swiss (rapid)"]
[EventRounds "7"]
[EventCountry "USA"]
[SourceTitle "CBM 176 Extra"]
[Source "ChessBase"]
[SourceDate "2017.03.02"]
[SourceVersion "1"]
[SourceVersionDate "2017.03.02"]
[SourceQuality "1"]
[WhiteTeam "Dallas Destiny"]
[BlackTeam "Rio Grande Ospreys"]
[WhiteTeamCountry "USA"]
[BlackTeamCountry "USA"]

1. e4 e5 2. Nf3 Nf6 3. d4 Nxe4 4. Bd3 d5 5. Nxe5 Nd7 6. Nc3 Nxc3 7. bxc3 Nxe5
8. dxe5 Be7 9. O-O O-O 10. f4 f5 11. exf6 Bxf6 12. Ba3 Rf7 13. Re1 Bxc3 14.
Bxh7+ Kxh7 15. Qd3+ Bf5 16. Qxc3 d4 17. Qb3 Qf6 18. Re5 b6 19. Qf3 Rd8 20. Qh5+
Kg8 21. Rae1 c5 22. Bc1 Bxc2 23. f5 Rdf8 24. Bg5 Qc6 25. Re6 Qd5 26. R6e5 Qc6
27. Re6 Qd5 28. R6e5 Qd7 29. f6 d3 30. fxg7 Rxg7 31. Re8 Qd4+ 32. Be3 Qf6 33.
Rxf8+ Qxf8 34. Bh6 Qf7 35. Qh4 d2 36. Bxd2 Qd5 37. Re8+ Kf7 38. Qe7+ Kg6 39.
Qe1 Rd7 40. Qg3+ Kf6 41. Bc3+ Kf5 42. Re5+ 1-0

[Event "EU-ch Internet Gr-G 3rd"]
[Site "playchess.com INT"]
[Date "2006.01.22"]
[Round "1.2"]
[White "Gyimesi, Zoltan"]
[Black "Gustafsson, Jan"]
[Result "1-0"]
[WhiteElo "2602"]
[BlackElo "2614"]
[PlyCount "57"]
[EventDate "2006.01.22"]
[EventType "tourn (blitz)"]
[EventRounds "12"]
[EventCountry "GER"]
[SourceTitle "EXT 2007"]
[Source "ChessBase"]
[SourceDate "2006.11.23"]
[SourceVersion "1"]
[SourceVersionDate "2006.11.23"]
[SourceQuality "1"]

1. d4 Nf6 2. c4 e6 3. Nf3 d5 4. Nc3 Be7 5. Bf4 O-O 6. e3 c5 7. dxc5 Bxc5 8.
cxd5 Nxd5 9. Nxd5 exd5 10. a3 Nc6 11. Bd3 Bb6 12. b4 Bg4 13. O-O d4 14. b5 Ne7
15. exd4 Bxd4 16. Bxh7+ Kxh7 17. Qxd4 Bxf3 18. Qxd8 Rfxd8 19. gxf3 Rd3 20. Be3
Nf5 21. Rfd1 Rb3 22. Rd7 Rxb5 23. Rxf7 Kg6 24. Rd7 a6 25. Bf4 Re8 26. Bg3 Rb3
27. Kg2 b5 28. Ra7 Re5 29. Bxe5 1-0

[Event "Abu Dhabi op 21st"]
[Site "Abu Dhabi"]
[Date "2013.07.06"]
[Round "8"]
[White "Oleksienko, Mikhailo"]
[Black "Volkov, Sergey"]
[Result "1-0"]
[WhiteElo "2568"]
[BlackElo "2613"]
[PlyCount "65"]
[EventDate "2013.06.30"]
[EventType "swiss"]
[EventRounds "9"]
[EventCountry "UAE"]
[SourceTitle "CBM 155 Extra"]
[Source "ChessBase"]
[SourceDate "2013.08.26"]
[SourceVersion "1"]
[SourceVersionDate "2013.08.26"]
[SourceQuality "1"]

1. e4 e6 2. d4 d5 3. Nd2 Nf6 4. e5 Nfd7 5. c3 c5 6. Bd3 Nc6 7. Ne2 cxd4 8. cxd4
f6 9. exf6 Nxf6 10. Nf3 Bd6 11. O-O O-O 12. Bf4 Bxf4 13. Nxf4 Ne4 14. Qc1 Ng5
15. Nxg5 Qxg5 16. Bxh7+ Kxh7 17. Nxe6 Qf5 18. Nxf8+ Qxf8 19. Re1 Qf5 20. Re8
Nxd4 21. Qd1 Nc6 22. Qa4 d4 23. Qc4 Rb8 24. Rae1 Kg6 25. Qg8 Kh6 26. Rf8 Qa5
27. Re4 Bd7 28. Rh4+ Kg5 29. Qxg7+ Kxh4 30. Rf4+ Kh5 31. Qh7+ Kg5 32. Qh4+ Kg6
33. Qf6+ 1-0

[Event "CRO-chT1A 24th"]
[Site "Bol"]
[Date "2015.10.04"]
[Round "2.42"]
[White "Rusev, Krasimir"]
[Black "Hracek, Zbynek"]
[Result "1-0"]
[WhiteElo "2558"]
[BlackElo "2613"]
[PlyCount "53"]
[EventDate "2015.10.03"]
[EventType "team-tourn"]
[EventRounds "9"]
[EventCountry "CRO"]
[SourceTitle "CBM 168 Extra"]
[Source "ChessBase"]
[SourceDate "2015.10.29"]
[SourceVersion "1"]
[SourceVersionDate "2015.10.29"]
[SourceQuality "1"]
[WhiteTeam "Zagreb Mladost"]
[BlackTeam "Osijek EFT"]
[WhiteTeamCountry "CRO"]
[BlackTeamCountry "CRO"]

1. d4 Nf6 2. Nf3 e6 3. Bf4 c5 4. e3 Be7 5. Nc3 cxd4 6. exd4 O-O 7. Bd3 b6 8. d5
Bb4 9. O-O Bxc3 10. bxc3 Nxd5 11. Bd6 Re8 12. Ne5 Nf6 13. Qf3 Nc6 14. Bxh7+
Kxh7 15. Nxf7 Bb7 16. Qd3+ Kg8 17. Nxd8 Raxd8 18. Rfe1 e5 19. Qc4+ Re6 20. Bxe5
d5 21. Qa4 Rde8 22. f4 Nd7 23. Qb5 Nc5 24. Qe2 Ne4 25. c4 Ba6 26. cxd5 Bxe2 27.
dxe6 1-0

[Event "World op 44th"]
[Site "Philadelphia"]
[Date "2016.07.02"]
[Round "4"]
[White "Gelashvili, Tamaz"]
[Black "Akobian, Varuzhan"]
[Result "1-0"]
[WhiteElo "2557"]
[BlackElo "2612"]
[PlyCount "79"]
[EventDate "2016.06.30"]
[EventType "swiss"]
[EventRounds "9"]
[EventCountry "USA"]
[SourceTitle "CBM 173 Extra"]
[Source "ChessBase"]
[SourceDate "2016.08.29"]
[SourceVersion "1"]
[SourceVersionDate "2016.08.29"]
[SourceQuality "1"]

1. d4 e6 2. Nf3 Nf6 3. e3 c5 4. Bd3 d5 5. b3 Nbd7 6. O-O b6 7. Bb2 Bb7 8. Nbd2
Bd6 9. Ne5 O-O 10. f4 Rc8 11. Nxd7 Nxd7 12. dxc5 Rxc5 13. Bxh7+ Kxh7 14. Qh5+
Kg8 15. Bxg7 Kxg7 16. Qg4+ Kh7 17. Rf3 Qf6 18. Rh3+ Qh6 19. Nf3 Be7 20. Ng5+
Bxg5 21. fxg5 Qxh3 22. Qxh3+ Kg8 23. g6 fxg6 24. Qxe6+ Kg7 25. Qxd7+ Rf7 26.
Qd6 Rxc2 27. Rf1 Rxf1+ 28. Kxf1 Bc6 29. g4 Bb5+ 30. Kg1 Rxa2 31. Qe5+ Kh7 32.
g5 Bd3 33. Qxd5 Ra1+ 34. Kg2 Rd1 35. Qb7+ Kg8 36. Qa8+ Kg7 37. Qxa7+ Kg8 38.
Qxb6 Be4+ 39. Kf2 Bf5 40. e4 1-0

[Event "EU-ch Internet final"]
[Site "playchess.com INT"]
[Date "2004.11.07"]
[Round "1.1"]
[White "Kobalia, Mihail"]
[Black "Gustafsson, Jan"]
[Result "1-0"]
[WhiteElo "2618"]
[BlackElo "2611"]
[PlyCount "141"]
[EventDate "2004.11.07"]
[EventType "k.o. (blitz)"]
[EventRounds "4"]
[EventCountry "GER"]
[SourceTitle "EXT 2005"]
[Source "ChessBase"]
[SourceDate "2004.11.15"]
[SourceVersion "1"]
[SourceVersionDate "2004.11.15"]
[SourceQuality "1"]

1. e4 e5 2. Nf3 Nc6 3. Bb5 a6 4. Ba4 Nf6 5. O-O Be7 6. Re1 b5 7. Bb3 O-O 8. d4
d6 9. c3 Bg4 10. Be3 exd4 11. cxd4 Na5 12. Bc2 c5 13. h3 Bxf3 14. Qxf3 cxd4 15.
Bxd4 Nc6 16. Qd1 d5 17. e5 Ne4 18. Be3 Nxe5 19. Nc3 Nxc3 20. bxc3 Bf6 21. Bd4
Nc4 22. a4 Bxd4 23. Qxd4 Qd6 24. Red1 Rad8 25. axb5 axb5 26. Ra7 Qb6 27. Qxb6
Nxb6 28. Rb1 Rc8 29. Rxb5 Rxc3 30. Bxh7+ Kxh7 31. Rxb6 Rc1+ 32. Kh2 Rc2 33. Kg3
Rcc8 34. Rd6 Rc3+ 35. f3 Rd3 36. Rdd7 Kg6 37. Kf4 Rd4+ 38. Ke3 Rd1 39. h4 Rh1
40. g3 Rd1 41. g4 Re1+ 42. Kf4 d4 43. h5+ Kh6 44. Rxf7 Rxf7+ 45. Rxf7 d3 46.
Rd7 Rd1 47. Rd6+ Kh7 48. Ke3 Re1+ 49. Kd2 Rf1 50. Rxd3 Kh6 51. Ke2 Rh1 52. Rd5
Ra1 53. Ke3 Ra4 54. Kf2 Ra1 55. Kg3 Ra4 56. Rd6+ Kh7 57. Kh4 Rf4 58. Kg3 Ra4
59. f4 Ra3+ 60. Kh4 Ra1 61. Rd7 Ra4 62. Kg5 Kg8 63. f5 Rb4 64. Rd6 Kf7 65. h6
gxh6+ 66. Rxh6 Kg7 67. Ra6 Kg8 68. Ra7 Kf8 69. f6 Kg8 70. Kf5 Rb1 71. g5 1-0

[Event "Abu Dhabi op 14th"]
[Site "Abu Dhabi"]
[Date "2004.08.18"]
[Round "5"]
[White "Ramesh, Ramachandran B"]
[Black "Timofeev, Artyom"]
[Result "1-0"]
[WhiteElo "2484"]
[BlackElo "2611"]
[Annotator "Ftacnik,L"]
[PlyCount "95"]
[EventDate "2004.08.14"]
[EventType "swiss"]
[EventRounds "9"]
[EventCountry "UAE"]
[SourceTitle "CBM 103"]
[Source "ChessBase"]
[SourceDate "2004.11.11"]
[SourceVersion "1"]
[SourceVersionDate "2004.11.11"]
[SourceQuality "1"]

1. e4 c5 2. Nf3 d6 3. d4 cxd4 4. Nxd4 Nf6 5. Nc3 Nc6 6. Bg5 e6 7. Qd2 a6 8.
O-O-O Bd7 9. f3 Be7 10. Be3 h5 11. h3 {White is hoping to put the question
mark under black's popular defensive move directed against the g2-g4 thrust.} (
11. Kb1 Qc7 (11... b5 12. Qf2 (12. Nxc6 Bxc6 13. Ne2 Bd7 (13... e5 14. Nc3 Qc7
15. Bg5 b4 16. Nd5 Bxd5 17. exd5 Qb7 18. Bxf6 Bxf6 19. Bc4 a5 20. Qd3 Rb8 {
1/2-1/2 Deepan Chakkravarthy,J-Alexeev,E/Oropesa del Mar 2001/ (27)}) 14. g3
Rb8 15. h3 b4 16. Rg1 e5 17. g4 Be6 18. g5 Nd7 19. g6 O-O 20. gxf7+ Rxf7 21.
Ng3 Qa5 22. b3 Nc5 23. Bxc5 Qxc5 24. Bd3 {1-0 Szabo,Z-Lupulescu,C/Kavala 2004/
(45)}) 12... Ne5 13. Bd3 Qb8 14. h3 b4 15. Nce2 h4 16. g4 hxg3 17. Nxg3 Nxd3
18. cxd3 a5 19. h4 Nh5 20. Bg5 Bf8 21. Nxh5 Rxh5 {1/2-1/2 Ivanovic,
B-Damljanovic,B/Petrovac 2004/ (38)}) (11... Rc8 12. Nxc6 Rxc6 13. Bd3 b5 14.
f4 b4 15. Ne2 e5 16. Rhf1 a5 17. h3 Qb8 18. Ng3 g6 19. fxe5 dxe5 20. Bg5 h4 21.
Ne2 {1-0 Zhigalko,A-Zugic,I/Mallorca 2004 (40)}) 12. Bg5 (12. Qf2 b5 13. Nxc6
Bxc6 14. Bd4 b4 15. Ne2 e5 16. Bb6 Qb7 17. c4 Nd7 18. Be3 a5 19. Ng3 g6 20. Be2
Nc5 {0-1 Sahu,S-Mednis,E/New York 1984/ (36)}) 12... Nxd4 13. Qxd4 Bc6 14. Bc4
b5 15. Bb3 Qa7 16. Rhe1 Qxd4 17. Rxd4 h4 18. a3 h3 19. g3 Nd7 20. Bxe7 Kxe7 21.
Nd5+ Bxd5 22. exd5 e5 {0-1 Ramon Perez,J-Damljanovic,B/Zaragoza 2004/ (35)}) (
11. Bd3 Qc7 12. Kb1 Ne5 (12... b5 13. f4 Nxd4 14. Bxd4 e5 15. Be3 Qb7 16. Rhe1
Bc6 17. Bg1 Rd8 18. h3 O-O 19. g4 b4 20. Nd5 Nxd5 21. exd5 Bxd5 22. fxe5 Bf3 {
0-1 Gross,D-Langheinrich,F/Germany 1999/ (37)}) 13. Rhe1 b5 14. f4 b4 15. Nce2
Nc4 16. Bxc4 Qxc4 17. Qd3 Rc8 18. Nc1 g6 19. Rd2 O-O 20. Bg1 d5 {0-1 Shomoev,
A-Avrukh,B/playchess.com INT 2004/ (42)}) (11. h4 b5 12. Nxc6 Bxc6 13. Bg5 Qc7
14. Kb1 Rc8 15. Bd3 Bb7 16. a3 Qb6 17. Ne2 Bc6 18. Be3 Qb7 19. Nd4 Bd7 20. Bg5
{1-0 Browne,W-Kosteniuk,A/Fort Lauderdale 2004/ (29)}) (11. f4 b5 12. Bd3 Qb8
13. Nf3 Bd8 14. e5 dxe5 15. fxe5 Nxe5 16. Nxe5 Qxe5 17. Be4 Rc8 18. Bf4 Qc5 19.
Bb7 Ba5 20. Bxc8 Bxc8 21. Rhe1 Bb7 22. Qd3 O-O 23. Qg3 {1/2-1/2 De la Villa
Garcia,J-Garcia Ilundain,D/Zaragoza 1995/ (23)}) 11... b5 (11... Qc7 12. f4
Nxd4 13. Bxd4 e5 14. Be3 Bc6 15. Bd3 b5 16. Rhe1 b4 17. Nd5 Nxd5 18. exd5 Bxd5
19. Kb1 Kf8 20. fxe5 dxe5 21. Bf5 Bc6 {1/2-1/2 Calzetta Ruiz,M-Gaponenko,I/
Dresden 2004/ (55)}) 12. Nxc6 Bxc6 13. Ne2 Bb7 14. Nd4 Nd7 (14... Qc7 15. Bd3
h4 16. Rhe1 Rc8 17. Bg5 Kf8 $11) 15. Kb1 Rc8 16. Bd3 Ne5 17. Rhe1 Qc7 (17... h4
18. Qe2 (18. f4 Nc4 19. Qe2 Nxe3 20. Qxe3 Qb6 $15) 18... Qc7 19. Bf2 Nxd3 20.
Rxd3 $11) 18. Bg5 O-O (18... Nxd3 19. cxd3 Qd8 20. Bxe7 Qxe7 21. Rc1 O-O $11)
19. g4 $1 {In the positions of english attack the idea of g4 is very often
central to the white's plans.} Bxg5 20. Qxg5 Qb6 21. Be2 Rc5 22. Qd2 (22. gxh5
$2 Nxf3 $19) (22. b4 Rcc8 23. gxh5 Kh7 24. Rg1 Rg8 25. Rg3 $14) 22... d5 23.
gxh5 $1 {Ramesh correctly finds courage for opening up the access along the g
file even at a cost of activating black's bishop.} (23. exd5 Rxd5 24. gxh5 Nc6
25. c3 e5 26. Rg1 Nxd4 (26... exd4 27. Qh6 $18) 27. cxd4 exd4 $13) 23... dxe4
24. fxe4 Bxe4 25. Rg1 f6 (25... f5 26. Qg5 (26. h6 g6 27. Qg5 Qd8 $1 $13) 26...
Rf7 27. h6 g6 (27... Rd5 28. Bh5 Rfd7 29. Qf6 Ng4 30. Bf7+ Rxf7 31. h7+ Kxh7
32. Qxf7 Rxd4 33. Qh5+ Kg8 34. hxg4 $18) 28. Bf3 Rc4 29. Bxe4 Rxd4 30. Bf3
Rxd1+ 31. Bxd1 $14) 26. Qe3 Bh7 (26... Bd5 27. h6 g6 28. Bd3 Kf7 29. h7 Rh8 30.
Rdf1 $14) 27. h6 g5 (27... g6 $2 28. Nxe6 $18) 28. h4 $1 {Timofeev feels
enormous heat quickly mounting against his kingside position.} Nf7 (28... g4
29. Bxg4 $18) 29. Bd3 Re5 (29... Re8 30. Qf3 e5 31. Bxh7+ Kxh7 32. hxg5 Nxg5
33. Rxg5 exd4 34. Qd3+ Kh8 35. Rg7 $18) 30. Bxh7+ (30. Qf4 $5 f5 (30... Nxh6
31. hxg5 $18) 31. hxg5 Rd5 32. Ne2 e5 33. Qg3 Bg6 34. Nc3 $18) 30... Kxh7 31.
Qd3+ Kxh6 (31... Kh8 32. Qg6 Rg8 33. Qxf6+ $18) 32. hxg5+ Nxg5 (32... fxg5 33.
Rh1+ Kg7 34. Rh7+ Kf6 35. Qf3+ $18) 33. Rh1+ {The aggressor seems to have a
choice of very promising and sometimes quite original attacking ideas.} (33.
Nf3 Rd5 34. Rxg5 $1 Rxg5 (34... fxg5 35. Rh1+ Kg7 36. Qh7+ Kf6 37. Rh6#) 35.
Nxg5 fxg5 36. Rh1+ Kg7 37. Qh7+ Kf6 38. Rf1+ Ke5 39. Qg7+ $18) 33... Kg7 34.
Rdg1 Rg8 (34... Rf7 35. Rxg5+ Rxg5 (35... fxg5 36. Qh7+ Kf8 37. Qh8+ Ke7 38.
Qxe5 $18) 36. Qh3 Kf8 37. Nxe6+ Ke7 38. Nxg5 fxg5 39. Qc8 $18) 35. Nc6 {
[%mdl 128] The knight jump is certainly very strong but even better was a
forcefull win with exchange sacrifice on g5.} (35. Rxg5+ $1 fxg5 (35... Rxg5
36. Rh7+ Kf8 37. Nxe6+ Qxe6 38. Qd8+ Qe8 39. Qxf6+ $18) 36. Qh7+ Kf8 37. Rf1+
$18) 35... Re1+ $8 (35... Qxc6 36. Rh7+ Kf8 37. Qd8+ Qe8 38. Qd6+ Qe7 39. Qxe7#
) 36. Rxe1 Qxc6 37. Reg1 Kf7 38. Rh7+ Rg7 (38... Nxh7 39. Qxh7+ $18) 39. Rh8
Qc7 (39... Qd5 40. Qe3 Qd7 41. Ra8 $18) 40. Rd8 {Black's king can never hope
to hide efficiently when hunted by all white's heavy pieces.} Qc6 41. a3 Ke7
42. Rd1 Kf7 43. Rf1 Ne4 (43... Ke7 44. Rb8 Qc7 45. Ra8 Nf7 46. Rd1 $18) 44. Re1
(44. Qd4 e5 45. Qa7+ Kg6 46. Rg1+ Ng5 47. Qe3 $18) 44... f5 45. Qd4 Rg2 (45...
Nf6 46. Rd6 Qc8 47. c3 $18) 46. Rd1 (46. Rd7+ Ke8 47. Rh7 Qxc2+ 48. Ka1 $18)
46... Qxc2+ 47. Ka1 Nf6 (47... Nc5 48. Qh8 $18) 48. Rf8+ $1 (48. Rf8+ $1 Kxf8
49. Qxf6+ Kg8 50. Rd8+ Kh7 51. Rh8#) 1-0

[Event "Oslo Eikrem Memorial"]
[Site "Oslo"]
[Date "2009.04.06"]
[Round "3"]
[White "Johannessen, Leif Erlend"]
[Black "Berg, Emanuel"]
[Result "1-0"]
[WhiteElo "2540"]
[BlackElo "2610"]
[PlyCount "76"]
[EventDate "2009.04.04"]
[EventType "tourn"]
[EventRounds "9"]
[EventCountry "NOR"]
[EventCategory "10"]
[SourceTitle "CBM 129 Extra"]
[Source "ChessBase"]
[SourceDate "2009.05.05"]
[SourceVersion "2"]
[SourceVersionDate "2009.05.20"]
[SourceQuality "1"]

1. c4 f5 2. Nc3 Nf6 3. g3 g6 4. Bg2 Bg7 5. d3 d6 6. e4 Nc6 7. Nge2 O-O 8. O-O
e5 9. Nd5 h6 10. h3 g5 11. exf5 Bxf5 12. Be3 Qd7 13. Kh2 Nxd5 14. cxd5 Nb4 15.
g4 Bh7 16. Be4 Qb5 17. Nc3 Qa6 18. Qb3 Qa5 19. Rad1 Na6 20. Qb5 Qxb5 21. Nxb5
b6 22. a3 Nc5 23. Bxh7+ Kxh7 24. b4 Na6 25. Rc1 Rf7 26. Rc4 Bf6 27. Rfc1 Bd8
28. Kg2 Kg8 29. f3 Kf8 30. h4 Kg7 31. hxg5 hxg5 32. d4 exd4 33. Nxd4 Bf6 34.
Ne6+ Kg6 35. Nxc7 Nxc7 36. Rxc7 Bb2 37. Rxf7 Bxc1 38. Re7 Bxa3 1-0

[Event "Montreal-A 5th"]
[Site "Montreal"]
[Date "2004.08.06"]
[Round "3"]
[White "Moiseenko, Alexander"]
[Black "Novikov, Igor A"]
[Result "1-0"]
[WhiteElo "2640"]
[BlackElo "2610"]
[Annotator "Lutz,C"]
[PlyCount "59"]
[EventDate "2004.08.04"]
[EventType "tourn"]
[EventRounds "11"]
[EventCountry "CAN"]
[EventCategory "12"]
[SourceTitle "CBM 103"]
[Source "ChessBase"]
[SourceDate "2004.11.11"]
[SourceVersion "1"]
[SourceVersionDate "2004.11.11"]
[SourceQuality "1"]

1. d4 d5 2. c4 e6 3. Nc3 c6 4. e3 Nf6 5. Nf3 Nbd7 6. Bd3 dxc4 7. Bxc4 b5 8. Bd3
Bb7 9. O-O b4 10. Ne4 Be7 11. Nxf6+ Nxf6 12. e4 O-O 13. e5 Nd7 14. Be4 Rb8 {
Zwei Runden später im gleichen Turnier wählte Novikov hier 14...Qb6, aber
der Textzug ist vollkommen in Ordnung und die beste schwarze Möglichkeit hier.
} 15. a3 bxa3 16. b4 $5 {Die Idee von V. Milov, die diesem Abspiel kurzeitig
neue Impulse aus weißer Sicht gegeben hatte, bis die richtige Entgegnung für
Schwarz gefunden wurde. Weiß will den Bauern c6 festlegen, die taktische
Rechtfertigung ist das in einigen Varianten mögliche Läuferopfer auf h7.} a5
$2 (16... Bxb4 17. Bxh7+ $1) (16... f5 $1 {ist der Zug, der die Variante
wieder in Ordnung gebracht hat für Schwarz.} 17. Bd3 (17. exf6 Nxf6 {nebst ...
Bxb4}) 17... Nb6 18. Bxa3 Nd5 19. Bc4 Qb6 20. Qd3 Rfd8 21. Rfb1 h6 22. Rb3 Kh8
23. Rab1 Nc7 24. h3 Nd5 25. Kh2 Bc8 26. Qd1 Qc7 27. Kg1 Rb6 28. Ne1 Ba6 29. Bc1
{1/2-1/2 Khalifman,A-Bareev,E/Dortmund 2000/CBM 78 (29)}) 17. bxa5 Qxa5 18.
Bxa3 Bxa3 $2 (18... Qd8 {verliert nicht sofort, ist aber trotzdem klar besser
für Weiß.} 19. Bxe7 Qxe7 20. Ra7 $16 {1/2-1/2 Milov,V-Hansen,C/Essen 2000/
CBM 77/ [Milov,V] (50)}) 19. Bxh7+ $1 $18 {Es ist überraschend, dass ein
solcher Kenner der Semi-Slawischen Verteidigung wie GM Igor Novikov mit dieser
Wendung nicht vertraut zu sein scheint.} Kxh7 20. Ng5+ Kg6 21. Qd3+ f5 (21...
Kxg5 22. f4+ Kh6 23. Qh3+ Kg6 24. f5+ exf5 25. Rf3 f6 26. Rxf5 Rh8 27. Qg4+ Kf7
28. e6+ $18 {Milov,V}) 22. Nxe6 Ra8 (22... Rfe8 23. Rxa3 Qb4 24. Nf4+ Kh7 25.
Rb1 Qe7 26. Ra7 Nxe5 27. Qxf5+ Kg8 28. dxe5 Qxe5 29. Qxe5 Rxe5 30. h4 $18) 23.
Rfb1 Rfb8 {Erst dieser Zug ist neu, aber als eine gelungene Neuerung kann man
das wohl nicht bezeichnen ... Ein rabenschwarzer Tag für Novikov, aber so
etwas kommt schon mal vor.} (23... Bc8 24. Rb3 {1-0 Kasimdzhanov,R-Lesiege,A/
Istanbul 2000/EXT 2001/[Lutz] (24)}) 24. Nf4+ Kf7 25. Qxf5+ Ke7 26. Qe6+ Kd8
27. Qg8+ Nf8 (27... Kc7 28. Ne6#) 28. Ne6+ Kc8 29. Nxf8 Qd8 30. Rxa3 (30. Rxa3
Rxa3 31. Qe6+ Kc7 32. Qf7+ Kc8 33. Qf5+ Kc7 34. Ne6+ $18) 1-0